200 notable days : Senate stories, 1787 to 2002 /

Bibliographic Details
Main Author: Baker, Richard A.
Corporate Author: United States. Congress. Senate
Format: Government Document Book
Language:English
Published: Washington, DC : U.S. G.P.O. : 2006.
Subjects:
Online Access:https://purl.fdlp.gov/GPO/LPS77292

MARC

Tag First Indicator Second Indicator Subfields
LEADER 00000cam a2200000Ia 4500
001 in00002201201
008 061211s2006 dcua b f001 0 eng
005 20230331150138.7
010 |a  2006046631 
020 |a 0160763312 (alk. paper) :  |c $46.00 
020 |a 9780160763311 (alk. paper) :  |c $46.00 
035 |a (OCoLC)ocm70267205 
035 |a in00002201201 
037 |a 052-071-01444-6  |b GPO 
040 |a DLC  |c DLC  |d BTCTA  |d GPO  |d MvI  |d UtOrBLW 
043 |a n-us--- 
049 |a UDOC 
049 |a WWW 
050 0 0 |a JK1161  |b .B313 2006 
074 |a 1004-E 
074 |a 1004-E (online) 
082 0 0 |a 328.73/071  |2 22 
086 0 |a Y 1.3:ST 7 
100 1 |a Baker, Richard A. 
245 1 0 |a 200 notable days :  |b Senate stories, 1787 to 2002 /  |c Richard A. Baker. 
246 3 |a Two hundred notable days 
264 1 |a Washington, DC :  |b U.S. G.P.O. :  |c 2006. 
264 2 |a Washington, DC :  |b For sale by the Supt. of Docs., U.S. G.P.O., 
300 |a v, 225 pages :  |b illustrations (some color) ;  |c 23 x 29 cm. 
336 |a text  |b txt  |2 rdacontent 
337 |a unmediated  |b n  |2 rdamedia 
338 |a volume  |b nc  |2 rdacarrier 
500 |a Shipping list number: 2007-0002-S. 
500 |a Shipping List Date: 12/01/2006 
504 |a Includes bibliographical references and index. 
530 |a Also available via Internet from the GPO Access web site. Address as of 1/3/07: http://www.gpoaccess.gov/congress/senate/notabledays/index.html; current access available via PURL. 
610 1 0 |a United States.  |b Congress.  |b Senate  |x History. 
610 1 0 |a United States.  |b Congress.  |b Senate  |x History  |v Anecdotes. 
650 0 |a Legislative bodies  |z United States  |x History. 
650 0 |a Legislative bodies  |z United States  |x History  |v Anecdotes. 
710 1 |a United States.  |b Congress.  |b Senate. 
856 4 1 |u https://purl.fdlp.gov/GPO/LPS77292  |t 0 
999 |a MARS 
999 f f |i 3cfdee69-3e30-3694-bb32-1d9969734873  |s 1bd358ab-68fb-35d6-a660-4870ae9857c3  |t 0 
952 f f |p normal  |a Texas A&M University  |b College Station  |c Sterling C. Evans Library  |d Evans: US Documents (Annex 5th floor)  |t 0  |e Y 1.3:ST 7  |h Superintendent of Documents classification  |i unmediated -- volume  |m A14842672041  |n 2 
952 f f |p normal  |a Texas A&M University  |b College Station  |c Sterling C. Evans Library  |d Evans: US Documents (Annex 5th floor)  |t 0  |e Y 1.3:ST 7  |h Superintendent of Documents classification  |i unmediated -- volume  |m A14835825856 
952 f f |a Texas A&M University  |b College Station  |c Electronic Resources  |d Available Online  |t 0  |e Y 1.3:ST 7  |h Superintendent of Documents classification 
998 f f |a Y 1.3:ST 7  |t 0  |l Evans: US Documents (Annex 5th floor) 
998 f f |a Y 1.3:ST 7  |t 0  |l Available Online 
998 f f |a Y 1.3:ST 7  |t 0  |l Evans: US Documents (Annex 5th floor)